000 01627cam a2200313 a 4500
001 15067140
005 20090828071522.0
008 071101s2008 enka | b 001 0deng d
010 _a 2007045492
020 _a9780132407632 (pbk.)
040 _aDLC
_cDLC
_dDLC
050 0 0 _aTJ163.12
_b.B65 2008
082 0 0 _222
_a621
_bBOL
100 1 _911206
_aBolton, W.
_q(William),
_d1933-
_eAuthor
245 1 0 _aMechatronics :
_bA Multidisciplinary Approach /
_cWilliam Bolton.
250 _a4th ed.
260 _aHarlow, England :
_bPearson Prentice Hall,
_cc2008.
300 _ax, 593 p. :
_bill. ;
_c25 cm.
504 _aIncludes bibliographical references (p. [566]-567) and index.
541 _aBacca ;
650 0 _aMechatronics.
_911207
856 4 1 _3Table of contents only
_uhttp://www.loc.gov/catdir/toc/ecip084/2007045492.html
942 _2ddc
_cBB
999 _c13346
_d13346